|
|
|
|
| LEADER |
00986nam a2200277 a 4500 |
| 001 |
5811 |
| 003 |
BD-DhAAL |
| 005 |
20150910114219.0 |
| 008 |
150910s1999 nyua 001 0 eng |
| 010 |
|
|
|a 98039789
|
| 020 |
|
|
|a 0385493223
|
| 040 |
|
|
|a DLC
|c DLC
|d DLC
|d BD-DhAAL
|
| 050 |
0 |
0 |
|a HD58.82
|b .D36 1999
|
| 082 |
0 |
0 |
|a 658.4/06
|2 21
|
| 245 |
0 |
4 |
|a The dance of change :
|b the challenges of sustaining momentum in learning organizations /
|c Peter Senge ... [et al.].
|
| 260 |
|
|
|a New York :
|b Currency/Doubleday,
|c 1999.
|
| 300 |
|
|
|a ix, 596 p. :
|b ill. ;
|c 23 cm.
|
| 500 |
|
|
|a "A Fifth discipline resource."
|
| 500 |
|
|
|a Includes index.
|
| 541 |
|
|
|e 5811
|
| 650 |
|
0 |
|a Organizational learning.
|9 14550
|
| 650 |
|
0 |
|a Organizational change.
|9 14551
|
| 700 |
1 |
|
|a Senge, Peter M.
|9 14552
|
| 942 |
|
|
|2 ddc
|c BK
|
| 999 |
|
|
|c 35496
|d 35496
|
| 952 |
|
|
|0 0
|1 0
|2 ddc
|4 0
|6 658_400000000000000_06_DAN
|7 0
|9 55827
|a SCL
|b SCL
|c GEN
|d 2015-09-10
|g 2370.00
|l 0
|o 658.406 DAN
|p 3020005811
|r 2015-09-10
|t 1
|w 2015-09-10
|y BK
|